LEADER 01242nam0-2200385---450 001 990005647990203316 005 20200423112713.0 035 $a000564799 035 $aUSA01000564799 035 $a(ALEPH)000564799USA01 035 $a000564799 100 $a20040611d1986----|||y0itaa50------ba 101 $afre 102 $afr 105 $az 00||| 200 1 $aMétamorphoses du récit de voyage$eActes du Colloque de la Sorbonne et du Sénat (2 mars 1985)$frecueillis par François Moureau$gavec une préface de Pierre Brunel 210 $aParis ; Genève$cChampion ; Slatkine$d1986 215 $a173 p.$d23 cm. 225 2 $aLittérature des voyages$v1 410 0$12001$aLittérature des voyages$v1 606 $aViaggi$xDescrizioni letterarie$2F 620 $dPARIS 676 $a808.803 2 702 1$aMOUREAU,$bFrançois 702 1$aBRUNEL,$bPierre 801 0$aIT$bSA$c20111219 912 $a990005647990203316 950 0$aDipar.to di Filosofia - Salerno$dDFBB 808.80'32 MET$e3050 FIL 951 $aBB 808.80'32 MET$b3050 FIL 959 $aBK 969 $aFIL 979 $c20121027$lUSA01$h1525 979 $c20121027$lUSA01$h1614 996 $aMétamorphoses du récit de voyage$91134572 997 $aUNISA LEADER 02352nam0 22004573i 450 001 VAN0187539 005 20230613084027.342 017 70$2N$a9783319485621 100 $a20210719d2017 |0itac50 ba 101 $aeng 102 $aCH 105 $a|||| ||||| 200 1 $aFrom Classical to Quantum Plasmonics in Three and Two Dimensions$eDoctoral Thesis accepted by Technical University of Denmark, Kongens Lyngby, Denmark$fThomas Christensen 210 $aCham$cSpringer$d2017 215 $axx, 181 p.$cill.$d24 cm 410 1$1001VAN0104193$12001 $aSpringer theses$erecognizing outstanding Ph.D. research$1210 $aBerlin$cSpringer$d2010- 500 1$3VAN0187542$aFrom Classical to Quantum Plasmonics in Three and Two Dimensions$91470038 606 $a81-XX$xQuantum theory [MSC 2020]$3VANC019967$2MF 606 $a82-XX$xStatistical mechanics, structure of matter [MSC 2020]$3VANC021931$2MF 606 $a00A79 (77-XX)$xPhysics [MSC 2020]$3VANC023182$2MF 606 $a81P45$xQuantum information, communication, networks (quantum-theoretic aspects) [MSC 2020]$3VANC030931$2MF 606 $a82D80$xStatistical mechanical studies of nanostructures and nanoparticles [MSC 2020]$3VANC034005$2MF 610 $aElectron Energy Loss Spectroscopy in Plasmonics$9KW:K 610 $aGraphene Plasmonics$9KW:K 610 $aHydrodynamic Model in Plasmonics$9KW:K 610 $aMultipolar Plasmons$9KW:K 610 $aNonlinear Plasmonics in Graphene$9KW:K 610 $aNonlocality in Plasmonics$9KW:K 610 $aQuantum Nano-plasmonics$9KW:K 610 $aTwo-Dimensional Plasmonics$9KW:K 620 $aCH$dCham$3VANL001889 700 1$aChristensen$bThomas$cfisico$3VANV167253$0740972 712 $aSpringer $3VANV108073$4650 801 $aIT$bSOL$c20240614$gRICA 856 4 $uhttp://doi.org/10.1007/978-3-319-48562-1$zE-book ? Accesso al full-text attraverso riconoscimento IP di Ateneo, proxy e/o Shibboleth 899 $aBIBLIOTECA DEL DIPARTIMENTO DI MATEMATICA E FISICA$1IT-CE0120$2VAN08 912 $fN 912 $aVAN0187539 950 $aBIBLIOTECA DEL DIPARTIMENTO DI MATEMATICA E FISICA$d08CONS e-book 3129 $e08eMF3129 20210719 996 $aFrom classical to quantum plasmonics in three and two dimensions$91470038 997 $aUNICAMPANIA